00560nam a2200157Ia 4500008004100000020001500041041001200056100001800068245004800086260003100134300000800165650001600173942000700189999001700196952018900213221030s9999 xx 000 0 und d a8184314243 aEnglish aJ. S. Chitode 0aDigital Signal Processingcby J. S. Chitode bTechnical Pub.aPunec2011 a575 aBB Computer cBK c18081d18081 pBB 917g388.00l0eDonated By Dr. Sahil Sawhneyr2025-05-17 00:00:00w2022-10-30yBK003Print4070aMIETLIBbMIETLIBcBL-Academic Block B, FL-2, CUP-104, SH-3, R-3d2018-12-1410HBB